Представление документа в формате RUSMARC

ПолеНазваниеЗначение
  Тип записи a
  Библиографический уровень m
001 Контрольный номер UONB/MAIN/cfa86f9953a24f99b3c3366c82f5a545
005 Дата корректировки 20260331155340.5
010 Индекс ISBN __
b Уточнения в пер.
d Цена 1 р.
100 Данные общей обработки __
a Данные общей обработки 20260331d1906 u u0rusy0189 ca
101 Язык документа 1_
a Язык текста rus
c Язык оригинала ger
102 Страна публикации __
a Страна публикации RU
105 Кодированные данные (монография) __
a Кодированные данные (монография) a z 000yy
200 Заглавие и сведения об ответственности 1_
a Заглавие Популярные лекции низшей и высшей математики
f Первые сведения об ответственности Август Шустер
g Последующие сведения об ответственности перевод с немецкого Л. Д. Исакова
g Последующие сведения об ответственности под редакцией и введение В. В. Битнера
g Последующие сведения об ответственности предисловие: Вильгельм Ферстер
203 Вид содержания и тип средства __
a Вид содержания Текст
b Характеристика содержания визуальный
c Тип средства непосредственный
210 Выходные данные 1_
a Место издания Санкт-Петербург
c Издательство Вестник знания (В. В. Битнера)
d Дата издания 1906
215 Физическое описание __
a Объем 132 с.
c Иллюстрации/тип воспроизводства ил.
d Формат 24 см
300 Общие примечания __
a Общие примечания Прил. к журналу "Вестник знания" 1906, № 4
606 Тематические рубрики 0_
a Основная рубрика Математика
j Формальный подзаголовок Учебники и пособия
610 Ключевые слова 0_
a Ключевые слова математика; низшая математика; высшая математика
675 Индекс УДК __
a Индекс УДК 510
686 Индексы других классификаций __
2 Код системы rubbk
a Классификационный индекс 22.1я7
700 Автор _1
a Фамилия Шустер
b Имя (инициалы) А.
g Полное личное имя Август
f Даты 1860-
702 Вторичная интеллектуальная ответственность _1
a Фамилия Битнер
b Имя (инициалы) В. В.
g Полное личное имя Вильгельм Вильгельмович
f Даты 1865-1921
4 Код отношения 340
702 Вторичная интеллектуальная ответственность _1
a Фамилия Исаков
b Имя (инициалы) Л. Д.
4 Код отношения 730
702 Вторичная интеллектуальная ответственность _1
a Фамилия Ферстер
b Имя (инициалы) В.
g Полное личное имя Вильгельм
4 Код отношения 080
801 Источник записи _0
a Страна RU
b Организация Ульяновская ОНБ
c Дата составления 20260331
g Правила каталогизации RCR
801 Источник записи _1
a Страна RU
b Организация Ульяновская ОНБ
c Дата составления 20260331
g Правила каталогизации RCR
901 Тип документа __
t Тип документа m
909 Создатель записи __
a Создатель записи Горбункова
b Дата создания записи 20260331